Statistiques concernant Top 15 des pays avec les décès de Covid-19 - 7 août

Cliquez ici pour prendre le quiz!

Statistiques générales

  • Ce quiz a été pris 26 fois
  • Le résultat moyen est 12 sur 20

Statistiques - réponses

pays% Correct
Etats-Unis
100%
France
100%
Espagne
96%
Brésil
88%
Inde
84%
Italie
84%
Russie
80%
Mexique
76%
Royaume-Uni
76%
Belgique
72%
Irlande
48%
Pays-Bas
48%
Pérou
48%
Chili
44%
Colombie
44%
Iran
40%
Afrique du Sud
36%
Suède
36%
Équateur
24%
Panama
16%

Distribution des résultats

Percentile par nombre de réponses

% des personnes avec chaque résultat

Votre développement - résultats

Vous n’avez pas pris ce quiz